000 00621nam a2200193Ia 4500
003 GCL
008 140319s9999 xx 000 0 ara d
020 _a477130335X
040 _aGCL /
_cGCL
082 0 4 _a277
_bت ق
100 1 _aتحية عبدالعزيز اسماعيل
245 1 0 _aقضية السورة :
_bوترقيمها فى القران الحكيم /
_cتحية عبدالعزيز اسماعيل
300 _a483 ص ؛
_c24 سم
490 _a
650 0 4 _aالانبياء فى القرأن
650 0 4 _aالقران - تفسير
650 0 4 _aالقران - سور وايات
942 _2ddc
_cBK
999 _c58494
_d58494